| 000 | 01123nam a2200277 a 4500 | ||
|---|---|---|---|
| 001 | BRL_1527 | ||
| 005 | 20190320211240.0 | ||
| 008 | 170214s1979----mx-#######---#010-0#spa-# | ||
| 041 | _aspa | ||
| 044 | _amx | ||
| 050 | 4 |
_aF1221 _b.C37 1979 |
|
| 100 | 1 |
_aCastañón Gamboa, Fernando _d1903-1959 _927176 |
|
| 245 | 1 | 0 |
_aMotines indígenas en Chiapas, 1693 Y 1722 _cFernando Castañón Gamboa ; recopiladores Juan Jaime Manguen e Irma Montesinos. |
| 260 |
_aSan Cristobal de las Casas, Chiapas _bEditorial Fray Bartolomé de las Casas _c1979 |
||
| 300 |
_a24, 15 p. _c25 cm. |
||
| 500 | _aAu1698 | ||
| 500 | _aDatos obtenidos del boletín No. 2 de documentos Históricos de Chiapas, Archivo Genral del Estado. Tuxtla Gutiérrez, Chiapas. 1953 | ||
| 650 | 1 | 4 |
_aIndígenas de México _xRelaciones gubernamentales _zChiapas _927177 |
| 650 | 1 | 4 |
_aRebeliones indígenas _zChiapas _927178 |
| 650 | 1 | 4 |
_aIndígenas de México _xInsurrección _zChiapas _927179 |
| 651 | 4 |
_aChiapas _xHistoria _927180 |
|
| 700 | 1 |
_aManguen, Juan Jaime _ecomp. _923145 |
|
| 700 | 1 |
_aMontesinos, Irma _ecomp. _923146 |
|
| 902 | _aGRL | ||
| 942 |
_2lcc _cB |
||
| 999 |
_c10336 _d10336 |
||